01057nam a2200121 4500020001800000082002200018100002400040245009400064260006300158300001500221520064100236650005800877 a9789383079056 a306.095416bKUM-S aKumar, B.BeAuthor. aSocial and Cultural Continuum in India:bwith Special Focus on the Northest/c B.B, Kumar aGuwahati;bViveknanada kendra Institute of culture,c2011. a64p.bill, aThe paper explores India's diverse social and cultural fabric, focusing on the unique dynamics of the northeastern region. It highlights the region's ethnic diversity, traditional practices, and integration into the broader Indian cultural continuum. Key themes include family structures, rituals, art, and festivals, alongside the influence of religion and historical migrations. It also examines modern challenges like preserving cultural heritage amid modernization and political influences. By addressing the interplay of tradition and change, the study underscores the region's critical role in shaping India's collective identity. aSocial and Culturalv Diversityz Northeastern region